Dante y su sombra

Sparad:
Bibliografiska uppgifter
Huvudupphovsman: Rohde, Jorge Max (Författare, medförfattare)
Materialtyp: Bok
Språk:spanska
Publicerad: Buenos Aires Eudeba 1970
Serie:Teoría e Investigación
Ämnen:
Taggar: Lägg till en tagg
Inga taggar, Lägg till första taggen!

MARC

LEADER 00000nam a2200000 a 4500
001 UCO5135
003 CL-VaPUC
005 20241205161119.0
008 000825e19700000AG |||||||||||||||||spa|d
999 |c 291087  |d 291085 
040 |c Pontificia Universidad Católica de Valparaíso 
082 0 4 |a 851.09  |b ROH  |2 21 
100 0 |a Rohde, Jorge Max  |e author  |9 449882 
245 1 0 |a Dante y su sombra 
260 |a Buenos Aires  |b Eudeba  |c 1970 
300 |a 143 p 
490 0 |a Teoría e Investigación 
583 |a last modification  |c 20000825 00:00:00  |k Rodrigo Vera 
600 0 |a Alighieri, Dante  |d 1265-1321  |9 880015 
650 7 |a POESIA ITALIANA  |2 CL-VaPUC  |9 336930 
650 0 |a Literatura italiana  |9 266970 
650 0 |a Literatura medieval  |9 266338 
650 0 |a Historia y crítica   |9 257407 
942 |c BK  |2 ddc 
945 |d 20000825 00:00:00  |a crobeson 
952 |0 0  |1 0  |4 0  |6 851_090000000000000_ROH_1970  |7 0  |8 A  |9 340747  |a BIBART  |b BIBART  |d 2019-11-20  |i 1219383  |o 851.09 ROH 1970  |p 1219383  |r 2025-03-13  |w 2019-11-20  |y BK  |k ART